Statistics for Guess the Marvel Superheroes Quiz

Click here to take the quiz!

General Stats

  • This quiz has been taken 19 times
    (4 since last reset)
  • The average score is 19 of 81

Answer Stats

HintAnswer% Correct
Hank PymAnt-Man
67%
T'ChallaBlack Panther
67%
Natasha RomanovaBlack Widow
67%
Steve RodgersCaptain America
67%
Carol DanversCaptain Marvel
67%
Stephen StrangeDr. Strange
67%
Sam WilsonFalcon
67%
Bruce BannerHulk
67%
Tony StarkIron Man
67%
Reed RichardsMr. Fantastic
67%
Jean GreyPhoenix
67%
Pietro MaximoffQuicksilver
67%
Zheng Shang -ChiShang-Chi
67%
Jennifer WaltersShe-Hulk
67%
Peter ParkerSpider-Man
67%
Peter QuillStar-Lord
67%
Donald BlakeThor
67%
James HowlettWolverine
67%
Rick JonesA-Bomb
33%
Scott SummersCyclops
33%
Matt MurdockDaredevil
33%
Arthur DouglasDrax
33%
N/AGamora
33%
N/AGroot
33%
Clint BartonHawkeye
33%
Johnny StormHuman Torch
33%
N/AJessica Jones
33%
Illyana RasputinMagik
33%
N/AMantis
33%
Jane FosterMighty Thor
33%
Kamala KhanMs. Marvel
33%
Richard RiderNova
33%
N/ARocket Raccoon
33%
Wanda MaximoffScarlet Witch
33%
Ororo MunroeStorm
33%
Ben GrimmThing
33%
Victor ShadeVision
33%
Janet Van DyneWasp
33%
James BarnesWinter Soldier
33%
YaoAncient One
0%
Warren Worthington IIIAngel
0%
N/AAres
0%
Sean CassidyBanshee
0%
Hank McCoyBeast
0%
N/ABeta Ray Bill
0%
Blackagar BoltagonBlack Bolt
0%
Nathan SummersCable
0%
Brian BraddockCaptain Britain
0%
Peter RasputinColossus
0%
N/AEmma Frost
0%
Angelica JonesFirestar
0%
Remy LeBeauGambit
0%
James HudsonGuardian
0%
Alex SummersHavok
0%
N/AHercules
0%
Bobby Drakeiceman
0%
Susan StormInvisible Woman
0%
Daniel RandIron Fist
0%
Jubilation LeeJubilee
0%
N/AKitty Pryde
0%
Medusalith BoltagonMedusa
0%
Mark SpectorMoon knight
0%
Kevin SydneyMorph
0%
Kurt WagnerNightcrawler
0%
Carl LucasPower Man
0%
Charles XavierProfessor X
0%
Francis CastiglinePunisher
0%
Humberto LopezReptil
0%
Anna Marie LeBeauRogue
0%
Walter LangkowskiSasquatch
0%
Robert ReynoldsSentry
0%
Norrin RaddSilver Surfer
0%
Doreen GreenSquirrel Girl
0%
Namor McKenzieSub-Mariner
0%
Shiro YoshidaSunfire
0%
Roberto da CostaSunspot
0%
Jacques DuquesneSwordsman
0%
Greer Grant NelsonTigra
0%
John WalkerU.S. Agent
0%
James RhodesWar Machine
0%
N/AWong
0%

Score Distribution

Percentile by Number Answered

Percent of People with Each Score

Your Score History

You have not taken this quiz since the last reset